00648nam a22001692 45000010011000000030004000110050017000150080041000320200017000730400015000900500021001052450178001262600060003043000016003646500054003806500044004340000025502OSt20231109102018.0151006s xx 000 0 eng d a0941320723 : aKABUcKABU aK2400b.A55 199410aInternational arbitration in the 21st century :btowards "judicialization" and uniformity? : the twelfth sokol colloquium/cedited by Richard B. Lillich & Charles N. Brower  aIrvington, New York :bTransnational publishers,c1994. axii, 302 p. 0aArbitration and award, internationalvCongresses. 0aArbitration, internationalvCongresses.